000 00626nam a2200205 a 4500
008 951214s1988||||[C 0 slo c
020 _c22 Kčs.
_q(40000 výtl.)
040 _aSNK
_bslo
_cSNK
_eAACR2
041 1 _aslo
_hslo
080 _a808.54-318(038)
100 1 _aSmiešková, Elena
_4aut
245 1 0 _aMalý frazeologický slovník
_cElena Smiešková ; Zuzana Jakabová
250 _a4., vyd.
260 _aBratislava
_bSPN
_c1988
_eBratislava
_fSvornosť
300 _a271 s., 15,83 AH
_c20 cm
500 _aSchválilo MŠ SSR. Zozn. skratiek.
700 1 _aJakabová, Zuzana
_4bkd
044 _axo
_cSK
958 _aA
999 _c19169
_d19169